|
|
|
|
| LEADER |
01446nam a2200433 a 4500 |
| 001 |
nkc20091967736 |
| 003 |
CZ PrNK |
| 005 |
20091005100904.0 |
| 007 |
ta |
| 008 |
090716s2009 xr a a 000 j slo |
| 015 |
|
|
|a cnb001967736
|
| 020 |
|
|
|a 978-80-252-1172-4
|q (váz.)
|
| 035 |
|
|
|a (OCoLC)436262744
|
| 040 |
|
|
|a BOA001
|b cze
|
| 041 |
1 |
|
|a slo
|h eng
|
| 072 |
|
7 |
|a 821-93
|x Literatura pro děti a mládež (beletrie)
|2 Konspekt
|9 26
|
| 080 |
|
|
|a 821-93
|2 MRF
|
| 080 |
|
|
|a 821-32
|2 MRF
|
| 080 |
|
|
|a (0:82-32)
|2 MRF
|
| 100 |
1 |
|
|a Driscoll, Laura
|7 xx0030801
|4 aut
|
| 245 |
1 |
0 |
|a Dupkáč a vajíčko /
|c napísala Laura Driscoll ; ilustrovali Lori Tyminski a Valeria Turati ; [preložila Oľga Vašková]
|
| 250 |
|
|
|a 1. vyd.
|
| 260 |
|
|
|a V Prahe :
|b Egmont,
|c 2009
|
| 300 |
|
|
|a [24] s. :
|b barev. il. ;
|c 24 x 25 cm
|
| 490 |
1 |
|
|a Disney. Bunnies
|
| 500 |
|
|
|a Přeloženo z angličtiny
|
| 655 |
|
7 |
|a příběhy
|7 fd133204
|2 czenas
|
| 655 |
|
7 |
|a publikace pro děti
|7 fd133156
|2 czenas
|
| 655 |
|
9 |
|a stories
|2 eczenas
|
| 655 |
|
9 |
|a children's literature
|2 eczenas
|
| 700 |
1 |
|
|a Tyminski, Lori
|7 xx0082861
|4 ill
|
| 700 |
1 |
|
|a Turati, Valeria
|7 xx0093895
|4 ill
|
| 765 |
0 |
|
|t Thumper finds an egg
|9 Slovensky
|
| 830 |
|
0 |
|a Disney.
|p Bunnies
|0 s
|
| 910 |
2 |
|
|a BOA001
|b M3-1227.294
|
| 990 |
|
|
|a BK
|
| 995 |
|
|
|a 01
|
| 991 |
|
|
|b 200908
|
| 996 |
6 |
|
|b 2610384489
|c M3-1227.294
|l MZK
|r Sklad / do 24 hodin
|n 0
|p p.v.
|w 001091263
|u 000010
|a 1
|e BOA001
|j MZK50
|s P
|